00849nam a2200265 k 4500001001300000005001500013008004100028020003300069020002700102040001900129049002000148056001400168090002400182100001400206245014400220260003400364300002600398504001800424653006000442700001400502700001400516700001400530740002800544950001100572KMO20260071620260331090903260328s2023 ggkg 001 kor a9791192447766g14670c\320001 a9791192447742(전3권) a146043c1460430 lMEM000012293v2 a672.3426 a672.34b나73ㅊc21 a나정현20a(예배 반주자를 위한) 찬송가 전곡 반주nⅡp새찬송가 201~400장d나정현,e정다운,e채경원 [공]피아노 편곡 a성남b그래서음악c2023 a442-875b악보c27cm a색인 수록 a예배a반주자a찬송가a반주a음악a피아노1 a나정현1 a정다운1 a채경원02a새찬송가 201~400장0 b\32000 |
|---|